000 00417nam a22001697a 4500
003 UA-OsUOA
001 5998
007 ta
008 20050721b un ||||| |||| 00| 0 ukr d
100 _aМисько
700 _aА. С.
942 _cBK
040 _aUA-OsUOA
_cUA-OsUOA
_dUA-OsUOA
245 _aЗапозичення як результат взаємодії мов...
_bMA Paper
955 _a2
650 7 _2UDC
999 _c292160
_d292160